Bilecik Bilecik Bilecik Bilecik Bilecik

Takımınızın yeteneklerini geliştirmede insanları motive etme= Sharpen your team's skills in motivating people to perform/ (Record no. 4294)

MARC details
000 -BAŞLIK
Sabit Uzunluktaki Kontrol Alanı 01206nam a22003497a 4500
001 - KONTROL NUMARASI
Control Dosyası 0004312
003 - KONTROL NUMARASI KİMLİĞİ
Kontrol Alanı KOHA_MİRAKIL
005 - EN SON İŞLEM TARİHİ ve ZAMANI
Kontrol Alanı 20260207001407.0
007 - FİZİKSEL TANIM SABİT ALAN - GENEL BİLGİ
Sabit uzunluklu kontrol alanı ta
008 - SABİT UZUNLUKTAKİ VERİ ÖGELERİ - GENEL BİLGİ
Sabit Alan 090428b1999 tu |||gr||||#||||0|tur |
020 ## - ISBN - ULUSLARARASI STANDART KİTAP NUMARASI
Isbn 9758243357
040 ## - KATALOGLAMA KAYNAĞI
Özgün Kataloglama Kurumu TR-BiSEU
Kataloglama Dili tur
Çeviri Kurumu TR-BiSEU
Açıklama Kuralları rda
041 0# - DİL KODU
Metin ya da ses kaydının dil kodu tur
044 ## - YAYINLAYAN/ÜRETEN KURULUŞUN ÜLKE KODU
ISO country code tu
050 ## - SINIFLAMA ve YER NUMARASI
Sınıflama Numarası HD58.82
Yer Numarası .B46 1999
100 1# - KİŞİ ADI
Yazar Adı (Kişi adı) Bentley, Trevor J..
245 1# - ESER ADI BİLDİRİMİ
Başlık Takımınızın yeteneklerini geliştirmede insanları motive etme= Sharpen your team's skills in motivating people to perform/
Sorumluluk Bildirimi Trevor J. Bentley ; Trevor J. Bentley; çeviren Onur Yıldırım.
264 #1 - ÜRERİM, YAYIN, DAĞITIM ve TELİF BİLDİRİMİ
Yayın yeri İstanbul :
Yayınlayan Hayat
Yayın tarihi 1999
300 ## - FİZİKSEL TANIMLAMA
Sayfa, Cilt vb. 183 sayfa
336 ## - İÇERİK TÜRÜ
Content type term metin
Content type code txt
Source rdacontent
337 ## - MEDYA TÜRÜ
Media type term aracısız
Media type code n
Source rdamedia
338 ## - TAŞIYICI TÜRÜ
Carrier type term cilt
Carrier type code nc
Source rdacarrier
490 1# - DİZİ BİLDİRİMİ
Dizi Bildirimi Hayat yayınları ;
Cilt Numarası 33.
490 1# - DİZİ BİLDİRİMİ
Dizi Bildirimi Takımınızın yeteneklerini geliştirme dizisi ;
Cilt Numarası 1
500 ## - GENEL NOT
Genel Not Kaynakça var.
650 #0 - KONU BAŞLIĞI EK GİRİŞ - KONU TERİMİ
Konusal terim veya coğrafi ad Organizational learning.
9 (RLIN) 5209
650 #0 - KONU BAŞLIĞI EK GİRİŞ - KONU TERİMİ
Konusal terim veya coğrafi ad Employee motivation.
9 (RLIN) 9266
650 #0 - KONU BAŞLIĞI EK GİRİŞ - KONU TERİMİ
Konusal terim veya coğrafi ad Performance standards.
9 (RLIN) 10604
830 1# - SERİ EK GİRİŞİ - TEKBİÇİM ESER ADI
Tekbiçim Başlık Hayat yayınları ;
Volume number/sequential designation 33.
9 (RLIN) 9026
830 1# - SERİ EK GİRİŞİ - TEKBİÇİM ESER ADI
Tekbiçim Başlık Takımınızın yeteneklerini geliştirme dizisi ;
Volume number/sequential designation 1
9 (RLIN) 10605
942 ## - EK GİRİŞ ÖGELERİ (KOHA)
Source of classification or shelving scheme Library of Congress Classification
Koha item type Book
Holdings
Materyal Türü Kalıcı Konum Mevcut Konum Raf Yeri Sınıflandırma Kaynağı Edinim Bilgisi Ana Konular Alt Konular Yer Numarası Demirbaş Numarası Fatura Tarihi Maliyet, Alış Fiyatı Maliyet, Yenileme Fiyatı Geri Çekilme Durumu Kayıp Durumu Hasarlı Durumu Kredi için değil Kayıt Tarih Toplam Ödünçverme Son Görülme Tarihi Son Kontrol Tarihi Genel / Bağış Notu
Book Prof. Dr. Azmi Özcan Kütüphanesi Prof. Dr. Azmi Özcan Kütüphanesi Uluğbey Salonu Library of Congress Classification Bağış SOSYAL BİLİMLER Endüstriler, Arazi Kullanımı, İşgücü HD58.82 .B46 1999 0004312 13/08/2010 3.50 3.50         28/04/2009 2 05/12/2024 05/12/2024 Genel Bağış